000 00409nam a2200181Ia 4500
005 20240823050713.0
008 240823s9999||||xx |||||||||||||| ||und||
041 _aENGLISH
082 _A425
100 _aWren
245 0 _aFirst Lessons in English Grammar Part 2
250 _a1st
260 _b"S Chand,New "
500 _aTransfered
650 _aGeneral
_bGeneral
942 _cBK
999 _c217865
_d217865